Manažment nie je druh umenia

Hlavné parametre a ťažiskové úlohy úspešného manažéra súčasnosti. Minimálne východiskové predpoklady kategórie manažérov. Charakter i odbornosť. Potreba nových prístupov.

Guardado en:
Detalles Bibliográficos
Autor principal: Brziak, Vladimír
Formato: Capítulo de libro
Lenguaje:eslovaco
Materias:
Etiquetas: Agregar Etiqueta
Sin Etiquetas, Sea el primero en etiquetar este registro!

MARC

LEADER 00000naa a2200000 4500
001 r027615
005 20230824091306.3
041 0 |a slo 
044 |a SK 
245 1 0 |a Manažment nie je druh umenia  |c Vladimír Brziak 
520 |a Hlavné parametre a ťažiskové úlohy úspešného manažéra súčasnosti. Minimálne východiskové predpoklady kategórie manažérov. Charakter i odbornosť. Potreba nových prístupov. 
610 2 0 |a manažéri 
610 2 0 |a manažment 
610 2 0 |a odbornosť 
610 2 0 |a úspech pracovný 
100 1 |a Brziak, Vladimír